000 00790nam a2200229 a 4500
001 BRCA_2069
005 20190320203645.0
008 070808s1994----mx-a---###---#000-0#spa-#
020 _a9682951569
050 4 _aF1386.15
_b.S63
_c1994
100 1 _aSodi Miranda, Federica
_96292
245 1 0 _aLa cerámica novohispana vidriada y con decoración sellada del siglo XVI
_cFederica Sodi Miranda.
260 _aMéxico
_bINAH
_c1994
300 _a150 p.
_bil.
_c26 cm.
440 0 _aSerie arqueología
_96293
440 0 _aColección Científica
_v291
_9470
504 _aBibliografía : p. 147-150
650 1 4 _aCerámica española
_zMéxico (Ciudad)
_96294
650 1 4 _aExcavaciones (Arqueología)
_zMéxico (Ciudad)
_96295
651 4 _aMéxico (Ciudad)
_xAntigüedades
_96296
942 _2lcc
_cB
999 _c1828
_d1828